| 000 | 00538nam a2200133Ia 4500 | ||
|---|---|---|---|
| 008 | 220216s9999 xx 000 0 und d | ||
| 100 | _aAbraham K K | ||
| 245 | 0 | _aBlock rubber industry in India:Prospects and challenges | |
| 260 | _bResurgent-Natural Rubber: Conference on Enhancing Competitiveness of the Rubber Industry and Thought Leadership in Development of Rubber Sector in Kerala, Kochi 19-20 December, 2003: Souvenir | ||
| 300 | _a61-63 | ||
| 650 | _aHevea crumb factory | ||
| 650 | _aTechnically specified rubber | ||
| 942 | _cJS | ||
| 999 |
_c54877 _d54877 |
||